Albums by Cover Art - Alternative Rock - Statistics

General Stats
  • This quiz has been taken 1,221 times
  • The average score is 11 of 20
Answer Stats
Picture Answer % Correct
Red Hot Chili Peppers - Californication
90%
Radiohead - OK Computer
88%
Foo Fighters - The Colour and the Shape
76%
The White Stripes - White Blood Cells
70%
Jeff Buckley - Grace
69%
Smashing Pumpkins - Mellon Collie and the Infinite Sadness
68%
R.E.M. - Out of Time
66%
Blur - Blur
64%
Muse - Black Holes and Revelations
52%
No Doubt - Tragic Kingdom
49%
Sublime - Sublime
48%
The Cure - Wish
47%
Nine Inch Nails - The Downward Spiral
45%
Alanis Morissette - Jagged Little Pill
39%
Kings of Leon - Only By The Night
38%
Third Eye Blind - Third Eye Blind
35%
U2 - Achtung Baby
31%
Sonic Youth - Daydream Nation
28%
Beck - Odelay
26%
Incubus - Make Yourself
23%
No matching quizzes found
Score Distribution
Percent of People with Each Score
Percentile by Number Answered
Your Score History
You have not taken this quiz